000 00532cam a22001815a 4500
001 L155870
008 120418s1844 xxk f 000 0 eng d
035 _a(Sirsi) u155870
041 0 _aeng
100 1 _aHutchinson, Henry
245 0 2 _aA treatise on the practical drainage of land
260 _aLondon
_bHoulston and Stoneman
_c1844
300 _aviii, 207p.
_bill., 4 fold. plans
_c23cm.
583 _aCondition reviewed
_c20120620
_lcondition level 3
651 4 _aGreat Britain
_y1707-
690 _aRural
_96268
942 _n0
999 _c113886
_d113886